Sports Quiz

Random Sports or Soccer Quiz

World Cup Team by Graph Quiz Stats

 Plays Quiz Updated Jul 12, 2014

Support Sporcle.
Go Orange.
Score 0/32 Timer 20:00
8 Plays Today
% Correct
Brazil
84%
Spain
83.8%
France
62.4%
Germany
60.2%
Italy
52.1%
Argentina
37.4%
United States
33.2%
Australia
30.4%
England
29.6%
Netherlands
28.2%
Japan
28%
Côte d'Ivoire
26.2%
Mexico
22.3%
Greece
21.1%
South Korea
20%
Cameroon
19.8%
% Correct
Switzerland
19.3%
Belgium
19.2%
Colombia
19.1%
Uruguay
17.8%
Portugal
17.4%
Algeria
15.4%
Iran
14.9%
Russia
14.7%
Nigeria
14.6%
Ghana
14.5%
Costa Rica
14%
Bosnia and Herzegovina
13.9%
Chile
13.1%
Honduras
13.1%
Croatia
12.5%
Ecuador
11.5%

You're not logged in!

Compare scores with friends on all Sporcle quizzes.
OR
Log In

From the Vault

Police Vehicles Around the World

by nopurplesky

We'd almost consider breaking the law to get in some of these sweet rides.
Remove Ads.
Support Sporcle.
Get the best of Sporcle when you Go Orange. This ad-free experience offers more features, more stats, and more fun while also helping to support Sporcle. Thank you for becoming a member.

Show Comments

Extras

Top Quizzes Today


Score Distribution

Your Account Isn't Verified!

In order to create a playlist on Sporcle, you need to verify the email address you used during registration. Go to your Sporcle Settings to finish the process.

Report this User

Report this user for behavior that violates our Community Guidelines.

Details: